| 000 | 00499nam a2200169 4500 | ||
|---|---|---|---|
| 008 | 0 1968 0an 000 0Mex | ||
| 020 | _as/n | ||
| 050 | _aTK146 L6618 | ||
| 082 | _a621.302.02 L247i | ||
| 100 | _aLoper Orla E. | ||
| 245 | _aIntroduccion a la electricidad y a la electronica / Orla E. Loper | ||
| 250 | _areimp 1972 | ||
| 260 | _aMexico: Diana | ||
| 300 | _a312p, 27cm | ||
| 440 | _aManual Delmar de Electricidad y Electronica | ||
| 650 | _a1.ELECTRICIDAD \ 2. ELECTRONICA | ||
| 999 |
_c20300 _d20300 |
||